000 01970nam a2200493 c 4500
001 52493
003 ES-MaCES
005 20250203134034.0
007 cr |||||||||||
008 221019s2022 sz |||||rt i||| ||spa
020 _a9789220357057
020 _a9789220357064 (pdf web)
040 _aES-MaCES
_bspa
_cES-MaCES
041 1 _aspa
_afre
_aeng
245 0 0 _aPerspectivas sociales y del empleo en el mundo
_hRecurso electrónico
_b: tendencias 2022
_cOficina Internacional del Trabajo
250 _a1ª ed
260 _aGinebra
_bOIT
_c2022
300 _a1 documento pdf
_c(3,90 mb)
500 _aPubl. simultáneamente en francés e inglés, bajos los tits. respectivamente: Emploi et questions sociales dans le monde, tendances 2022 ; World Employment and Social Outlook, trends 2022
504 _aBibliografía: p. 102-103
541 _cGratuito
650 4 _aCovid-19
_939751
650 4 _aempleo
_928299
650 4 _adesempleo
_928308
650 4 _aanálisis del mercado de mano de obra
_930745
650 4 _acondiciones de empleo
_930040
650 4 _acondiciones de trabajo
_928327
650 4 _apolítica laboral
_928290
650 4 _adesarrollo económico y social
_929234
650 4 _adesarrollo sostenible
_930785
650 4 _apaís desarrollado
_927091
650 4 _apaís en desarrollo
_927092
650 4 _a2022
_940274
650 4 _acuadros estadísticos
_928890
653 1 0 _aEmpleo
710 2 _94718
_aOrganización Internacional del Trabajo
740 0 2 _aEmploi et questions sociales dans le monde, tendances 2022
740 0 2 _aWorld Employment and Social Outlook, trends 2022
787 0 _tPerspectivas sociales y del empleo en el mundo, tendencias 2019
_w(ES-MaCES)51382
856 4 _uhttps://doi.org/10.54394/LITX3868
_yhttps://doi.org/10.54394/LITX3868
856 4 _uhttp://biblioteca.ces.es/repintra/B52493.pdf
_ytexto completo
_z[intranet]
902 _aELE PUB. ELECTRONICA
942 _2CES
_cBK
_h2.1.
999 _c52493
_d52493